| 000 | 00715nam a2200217 a 4500 | ||
|---|---|---|---|
| 008 | 120416s1977 ||||||||||||||||| || u | ||
| 020 | _a0023816600 | ||
| 050 | _aHF 5549 Min | ||
| 100 | _aMiner, John B | ||
| 245 | 1 | 0 | _aPersonnel and industrial relations: a managerial approach. (3rd ed.) |
| 250 | _a3rd ed. | ||
| 260 |
_aNew York: _bMacmillan _c1977 |
||
| 300 | _ax, 613p. : ill. | ||
| 350 | _a0.00 | ||
| 500 | _aBibliography | ||
| 650 | 0 | _aMANAGEMENT | |
| 650 | 0 | _aINDUSTRIAL RELATIONS | |
| 650 | 0 | _aPERSONNEL MANAGEMENT | |
| 700 | _aMiner, Mary Green | ||
| 995 |
_D0.00 _FCBU-MAIN LIBRARY (Kitwe) _H1 _I0.00 _M1 _UDAMAGED _ZMain Library Open Access Collection |
||
| 999 |
_c53402 _d53402 |
||